[Event "Chennai"]
[Site "Chennai"]
[Date "2023.12.16"]
[Round "2"]
[White "Predke, Alexandr"]
[Black "Harikrishna, Pentala"]
[Result "1/2-1/2"]
[WhiteElo "2689"]
[BlackElo "2696"]
[PlyCount "138"]
[EventDate "2023.12.15"]
[EventType "tourn"]
[EventRounds "7"]
[EventCountry "IND"]
[EventCategory "19"]
[SourceTitle "CB52_2023"]
[SourceDate "2023.12.27"]
[SourceVersion "1"]
[SourceVersionDate "2023.12.27"]
[SourceQuality "1"]

1. d4 Nf6 2. c4 e6 3. Nf3 d5 4. g3 Be7 5. Bg2 0-0 6. 0-0 dxc4 7. Ne5 Nc6 8. Nxc6 bxc6 9. Na3 Bxa3 10. bxa3 a5 11. Bxc6 Rb8 12. Bd2 Qxd4 13. Bxa5 Qxd1 14. Rfxd1 Bb7 15. Bxb7 Rxb7 16. Rac1 Rb5 17. Bxc7 Rb2 18. Bd6 Re8 19. Kf1 Rxa2 20. Rxc4 h5 21. Rdc1 Rd8 22. Rc8 Rxc8 23. Rxc8+ Kh7 24. Rc4 Ra1+ 25. Kg2 Ra2 26. Kf3 Ng4 27. h3 Rxa3+ 28. Kg2 Ra6 29. hxg4 Rxd6 30. gxh5 Kh6 31. Rc7 f5 32. e4 fxe4 33. g4 g6 34. hxg6 Kxg6 35. Rc4 e3 36. f3 Kf6 37. Re4 Rd2+ 38. Kg3 Rd3 39. f4 e2+ 40. Kf2 Ra3 41. Rxe2 Ra1 42. Re5 Rb1 43. Ra5 Rb3 44. Ra6 Rc3 45. Ra8 Rb3 46. Rf8+ Kg7 47. Ra8 Kf6 48. Ra5 Rc3 49. Re5 Rc1 50. Re1 Rc3 51. Re5 Rc1 52. g5+ Kf7 53. Re3 Ra1 54. Rh3 Ra4 55. Kg3 e5 56. f5 Rf4 57. g6+ Kf6 58. Rh5 Rf1 59. Kh2 Rf4 60. Kg2 e4 61. Kg3 Rf1 62. Kg4 e3 63. Rh7 Rg1+ 64. Kf4 Rf1+ 65. Kg4 Rg1+ 66. Kf4 Rf1+ 67. Kxe3 Rxf5 68. Rf7+ Kxg6 69. Rxf5 Kxf5 1/2-1/2

[Event "Bundesliga 2324"]
[Site "Germany"]
[Date "2023.12.03"]
[Round "4.7"]
[White "Kadric, Denis"]
[Black "Harikrishna, Pentala"]
[Result "1/2-1/2"]
[WhiteElo "2579"]
[BlackElo "2716"]
[PlyCount "46"]
[EventDate "2023.10.21"]
[EventType "team-tourn"]
[EventRounds "15"]
[EventCountry "GER"]
[SourceTitle "CB49_2023"]
[SourceDate "2023.12.06"]
[SourceVersion "1"]
[SourceVersionDate "2023.12.06"]
[SourceQuality "1"]
[WhiteTeam "Kirchweyhe"]
[BlackTeam "Solingen"]
[WhiteTeamCountry "GER"]
[BlackTeamCountry "GER"]

1. e4 e5 2. Nf3 Nc6 3. Nc3 Nf6 4. d4 exd4 5. Nxd4 Bb4 6. Nxc6 bxc6 7. Bd3 d5 8. exd5 0-0 9. 0-0 cxd5 10. Bg5 c6 11. Qf3 Bd6 12. Rae1 Rb8 13. Nd1 h6 14. Bxf6 Qxf6 15. Qxf6 gxf6 16. b3 Bd7 17. Ne3 Rfe8 18. Nf5 Bxf5 19. Bxf5 Re5 20. Bd3 Bb4 21. Rd1 Rbe8 22. g3 a5 23. a4 Re1 1/2-1/2

[Event "POL Superleague Rapid Final"]
[Site "Bydgoszcz"]
[Date "2023.11.25"]
[Round "1.25"]
[White "Harikrishna, Pentala"]
[Black "Volokitin, Andrei"]
[Result "1-0"]
[WhiteElo "2711"]
[BlackElo "2660"]
[PlyCount "96"]
[EventDate "2023.11.25"]
[EventType "team-k.o. (rapid)"]
[EventRounds "2"]
[EventCountry "POL"]
[SourceTitle "CB48_2023"]
[SourceDate "2023.11.29"]
[SourceVersion "1"]
[SourceVersionDate "2023.11.29"]
[SourceQuality "1"]
[WhiteTeam "Wroclaw Polonia"]
[BlackTeam "Pegow Wieza"]
[WhiteTeamCountry "POL"]
[BlackTeamCountry "POL"]

1. d4 Nf6 2. Nf3 d5 3. c3 e6 4. Bg5 h6 5. Bh4 g5 6. Bg3 Ne4 7. Nfd2 Nxg3 8. hxg3 c5 9. e3 Nc6 10. Be2 Qb6 11. Qb3 Bd7 12. dxc5 Bxc5 13. Nf3 0-0-0 14. Nbd2 e5 15. Qxb6 Bxb6 16. e4 dxe4 17. Nxe4 Bf5 18. Nfd2 Bxe4 19. Nxe4 f5 20. Nf6 Rd6 21. Nh5 e4 22. Ng7 Rf8 23. Rd1 Rxd1+ 24. Bxd1 Ne5 25. Rxh6 Nd3+ 26. Ke2 Bxf2 27. Bc2 Bxg3 28. Bxd3 exd3+ 29. Kxd3 f4 30. Rg6 f3 31. gxf3 Rxf3+ 32. Kc4 Bf4 33. a4 Rf2 34. b4 Re2 35. Ne6 Re4+ 36. Kd5 Re3 37. Rg8+ Kd7 38. Rg7+ Kc8 39. c4 Rd3+ 40. Ke4 Re3+ 41. Kf5 Rc3 42. c5 a6 43. Kf6 Rb3 44. Rg8+ Kd7 45. c6+ Kxc6 46. Nd4+ Kd5 47. Nxb3 b6 48. a5 Kc4 1-0

[Event "FIDE Grand Swiss"]
[Site "Douglas"]
[Date "2023.11.01"]
[Round "7"]
[White "Harikrishna, Pentala"]
[Black "Murzin, Volodar"]
[Result "1/2-1/2"]
[WhiteElo "2716"]
[BlackElo "2633"]
[PlyCount "81"]
[EventDate "2023.10.25"]
[EventType "swiss"]
[EventRounds "11"]
[EventCountry "IOM"]
[SourceTitle "Mega2024 Update 01"]
[Source "Chessbase"]
[SourceDate "2023.11.12"]
[SourceVersion "1"]
[SourceVersionDate "2023.11.12"]
[SourceQuality "1"]

1. e4 e5 2. Nf3 Nc6 3. Bb5 a6 4. Ba4 Nf6 5. Nc3 Bd6 6. 0-0 Nd4 7. d3 Nxf3+ 8. Qxf3 0-0 9. g4 Kh8 10. Bb3 Bc5 11. g5 Ng8 12. Qg3 d6 13. Be3 f5 14. f4 exf4 15. Rxf4 Bxe3+ 16. Qxe3 Qxg5+ 17. Qg3 Qxg3+ 18. hxg3 Bd7 19. Raf1 Ne7 20. exf5 Rxf5 21. Re1 Ng6 22. Rxf5 Bxf5 23. Bd5 c6 24. Be4 Ne7 25. g4 Bxg4 26. Bxh7 Nf5 27. Bxf5 Bxf5 28. Re7 Rb8 29. Rf7 Be6 30. Rc7 Kh7 31. b3 Bf5 32. Nd1 Kg6 33. Ne3 Be6 34. d4 Kf6 35. c4 a5 36. a4 Re8 37. Rxb7 Bc8 38. Rc7 Rxe3 39. Rxc8 Rxb3 40. Rxc6 Ke7 41. c5 1/2-1/2

[Event "Bundesliga 2324"]
[Site "Germany"]
[Date "2023.10.21"]
[Round "1.3"]
[White "Harikrishna, Pentala"]
[Black "Abdusattorov, Nodirbek"]
[Result "1/2-1/2"]
[WhiteElo "2716"]
[BlackElo "2716"]
[PlyCount "68"]
[EventDate "2023.10.21"]
[EventType "team-tourn"]
[EventRounds "15"]
[EventCountry "GER"]
[SourceTitle "Mega2024 Update 01"]
[Source "Chessbase"]
[SourceDate "2023.11.12"]
[SourceVersion "1"]
[SourceVersionDate "2023.11.12"]
[SourceQuality "1"]
[WhiteTeam "Solingen"]
[BlackTeam "Viernheim"]
[WhiteTeamCountry "GER"]
[BlackTeamCountry "GER"]

1. Nf3 d5 2. e3 c5 3. Bb5+ Bd7 4. a4 e6 5. 0-0 Nf6 6. d3 Nc6 7. Nc3 Be7 8. e4 0-0 9. Bg5 Rc8 10. Re1 d4 11. Ne2 Nh5 12. Bd2 Bd6 13. Ng3 Nxg3 14. hxg3 e5 15. Nh4 Be6 16. Nf5 a6 17. Bc4 Bxc4 18. dxc4 g6 19. Nh6+ Kh8 20. Ra3 f6 21. f4 exf4 22. gxf4 Qd7 23. Rh3 Rce8 24. Ng4 Re7 25. Nf2 Rfe8 26. Qf3 a5 27. Nd3 Re6 28. Kf2 R6e7 29. b3 Kg8 30. Rh6 Rf7 31. Kg1 b6 32. Nf2 Bf8 33. Rh3 Rfe7 34. Kf1 Bg7 1/2-1/2

[Event "Asian Games tt"]
[Site "Hangzhou"]
[Date "2023.10.02"]
[Round "4.8"]
[White "Harikrishna, Pentala"]
[Black "Zhakshylykov, Erzhan"]
[Result "1-0"]
[WhiteElo "2711"]
[BlackElo "2205"]
[PlyCount "89"]
[EventDate "2023.09.29"]
[EventType "team-tourn"]
[EventRounds "9"]
[EventCountry "CHN"]
[SourceTitle "EXT 2024"]
[Source "ChessBase"]
[SourceDate "2023.10.10"]
[SourceVersion "1"]
[SourceVersionDate "2023.10.10"]
[SourceQuality "1"]
[WhiteTeam "India"]
[BlackTeam "Kyrgyzstan"]
[WhiteTeamCountry "IND"]
[BlackTeamCountry "KGZ"]

1. e4 e5 2. Nf3 Nc6 3. Bb5 a6 4. Ba4 Nf6 5. 0-0 Be7 6. Re1 b5 7. Bb3 d6 8. c3 0-0 9. d4 Bg4 10. d5 Na5 11. Bc2 c6 12. h3 Bc8 13. dxc6 Nxc6 14. Nbd2 h6 15. Nf1 Be6 16. Ne3 Re8 17. Bd2 Bf8 18. Nh2 Rc8 19. Nhg4 Nh7 20. b4 h5 21. Nh2 g6 22. Nf3 Bh6 23. a4 Nf6 24. axb5 axb5 25. Bd3 Bf4 26. Nf1 Bxd2 27. N1xd2 Qb6 28. Qe2 d5 29. Bxb5 dxe4 30. Ng5 Bd5 31. Ba4 Red8 32. Ndxe4 Nxe4 33. Nxe4 Kg7 34. Nc5 f6 35. Bc2 Bf7 36. Ra6 Qc7 37. Be4 Ne7 38. Rea1 f5 39. Ra7 Qd6 40. R1a6 Qd1+ 41. Qxd1 Rxd1+ 42. Kh2 Re8 43. Bc2 Rd2 44. Ba4 Rxf2 45. Bxe8 1-0

[Event "Asian Games tt"]
[Site "Hangzhou"]
[Date "2023.10.01"]
[Round "3.12"]
[White "Nogerbek, Kazybek"]
[Black "Harikrishna, Pentala"]
[Result "1/2-1/2"]
[WhiteElo "2471"]
[BlackElo "2711"]
[PlyCount "123"]
[EventDate "2023.09.29"]
[EventType "team-tourn"]
[EventRounds "9"]
[EventCountry "CHN"]
[SourceTitle "EXT 2024"]
[Source "ChessBase"]
[SourceDate "2023.10.10"]
[SourceVersion "1"]
[SourceVersionDate "2023.10.10"]
[SourceQuality "1"]
[WhiteTeam "Kazakhstan"]
[BlackTeam "India"]
[WhiteTeamCountry "KAZ"]
[BlackTeamCountry "IND"]

1. d4 d5 2. Nf3 Nf6 3. c4 c6 4. Nc3 dxc4 5. a4 Bf5 6. e3 e6 7. Bxc4 Bb4 8. 0-0 0-0 9. Qe2 Bg6 10. Ne5 Nbd7 11. Nxg6 hxg6 12. Rd1 Qe7 13. e4 e5 14. d5 Nb6 15. Bb3 cxd5 16. Nxd5 Nbxd5 17. Bxd5 Nxd5 18. Rxd5 Rfd8 19. Rxd8+ Rxd8 20. Be3 Bc5 21. b3 Bd4 22. Rb1 Qh4 23. Bxd4 Rxd4 24. Re1 Qd8 25. g3 Qd7 26. Kg2 Rd3 27. Qc2 Kh7 28. h4 a6 29. Rc1 Qd4 30. Qc4 Qxc4 31. bxc4 f6 32. c5 Rd4 33. Rb1 Rxa4 34. Rxb7 Rxe4 35. Ra7 Rc4 36. Rxa6 Rxc5 37. Ra8 e4 38. Re8 Rc4 39. Kf1 f5 40. Ke2 Rc2+ 41. Ke3 Ra2 42. Rb8 Ra3+ 43. Ke2 Rf3 44. Re8 Rb3 45. Rc8 Rb2+ 46. Ke3 Rb7 47. Rd8 Ra7 48. Rb8 Ra1 49. Ke2 Rh1 50. Rf8 Rb1 51. Rc8 Rb6 52. Ke3 Rb2 53. Ra8 Rb3+ 54. Ke2 Rf3 55. Re8 g5 56. hxg5 Kg6 57. Re7 Ra3 58. Rb7 Ra2+ 59. Ke3 Ra3+ 60. Ke2 Ra2+ 61. Ke3 Ra3+ 62. Ke2 1/2-1/2

[Event "POL-chT Ekstraliga"]
[Site "Lublin"]
[Date "2023.09.23"]
[Round "6.3"]
[White "Volokitin, Andrei"]
[Black "Harikrishna, Pentala"]
[Result "1/2-1/2"]
[WhiteElo "2659"]
[BlackElo "2711"]
[PlyCount "46"]
[EventDate "2023.09.18"]
[EventType "team-tourn"]
[EventRounds "9"]
[EventCountry "POL"]
[SourceTitle "EXT 2024"]
[Source "ChessBase"]
[SourceDate "2023.10.10"]
[SourceVersion "1"]
[SourceVersionDate "2023.10.10"]
[SourceQuality "1"]
[WhiteTeam "Pegow Wieza"]
[BlackTeam "Wroclaw Polonia"]
[WhiteTeamCountry "POL"]
[BlackTeamCountry "POL"]

1. e4 e5 2. Nf3 Nc6 3. Bc4 Nf6 4. d3 Bc5 5. 0-0 d6 6. c3 a5 7. Re1 Ba7 8. Na3 h6 9. Nb5 Bb6 10. Be3 Bxe3 11. Rxe3 0-0 12. d4 Bg4 13. h3 Bh5 14. Qe1 Bxf3 15. Rxf3 Re8 16. Re3 Na7 17. a4 Qe7 18. Qe2 Nxb5 19. axb5 c6 20. Qd3 Qc7 21. bxc6 bxc6 22. d5 cxd5 23. Bxd5 Rab8 1/2-1/2

[Event "POL-chT Ekstraliga"]
[Site "Lublin"]
[Date "2023.09.21"]
[Round "4.2"]
[White "Bluebaum, Matthias"]
[Black "Harikrishna, Pentala"]
[Result "1/2-1/2"]
[WhiteElo "2670"]
[BlackElo "2711"]
[PlyCount "42"]
[EventDate "2023.09.18"]
[EventType "team-tourn"]
[EventRounds "9"]
[EventCountry "POL"]
[SourceTitle "EXT 2024"]
[Source "ChessBase"]
[SourceDate "2023.10.10"]
[SourceVersion "1"]
[SourceVersionDate "2023.10.10"]
[SourceQuality "1"]
[WhiteTeam "Raciborz Silesia"]
[BlackTeam "Wroclaw Polonia"]
[WhiteTeamCountry "POL"]
[BlackTeamCountry "POL"]

1. d4 Nf6 2. c4 e6 3. Nc3 Bb4 4. e3 0-0 5. Bd3 d5 6. Nf3 c5 7. 0-0 dxc4 8. Bxc4 Nbd7 9. a3 cxd4 10. Nb5 Be7 11. Nbxd4 e5 12. Nf5 Nb6 13. Nxe7+ Qxe7 14. Be2 Bg4 15. Bd2 Rfd8 16. Qe1 Nbd5 17. h3 Bh5 18. Rc1 Ne4 19. Bb4 Nxb4 20. Qxb4 Qxb4 21. axb4 Nd2 1/2-1/2

[Event "Tata Steel India blitz"]
[Site "Kolkata"]
[Date "2023.09.09"]
[Round "14"]
[White "Harikrishna, Pentala"]
[Black "Praggnanandhaa, Rameshbabu"]
[Result "1/2-1/2"]
[WhiteElo "2711"]
[BlackElo "2727"]
[PlyCount "80"]
[EventDate "2023.09.08"]
[EventType "tourn (blitz)"]
[EventRounds "18"]
[EventCountry "IND"]
[EventCategory "20"]
[SourceTitle "EXT 2024"]
[Source "ChessBase"]
[SourceDate "2023.10.10"]
[SourceVersion "1"]
[SourceVersionDate "2023.10.10"]
[SourceQuality "1"]

1. d4 Nf6 2. Nf3 d5 3. c3 e6 4. Bg5 h6 5. Bxf6 Qxf6 6. Nbd2 Qd8 7. e4 Be7 8. Bd3 b6 9. 0-0 Bb7 10. Re1 0-0 11. e5 c5 12. Rc1 Nd7 13. Nf1 Qc7 14. Ng3 Rfc8 15. Qd2 Qd8 16. Nh5 cxd4 17. cxd4 Rxc1 18. Qxc1 Rc8 19. Qf4 Rc7 20. h4 Bf8 21. Kh2 Qc8 22. a3 Ba6 23. Bb1 Qe8 24. Qg4 Kh8 25. Nf4 Be7 26. Ng5 Nf8 27. Qh5 Bd8 28. Re3 Bb5 29. Rf3 Kg8 30. Rh3 Ba4 31. Rg3 Kh8 32. Rf3 Kg8 33. b3 Bb5 34. a4 Bc6 35. Rh3 a5 36. Rg3 Kh8 37. Rc3 Kg8 38. Rg3 Kh8 39. Rf3 Kg8 40. Rg3 Kh8 1/2-1/2

[Event "Tata Steel India blitz"]
[Site "Kolkata"]
[Date "2023.09.09"]
[Round "13"]
[White "Radjabov, Teimour"]
[Black "Harikrishna, Pentala"]
[Result "1/2-1/2"]
[WhiteElo "2745"]
[BlackElo "2711"]
[PlyCount "103"]
[EventDate "2023.09.08"]
[EventType "tourn (blitz)"]
[EventRounds "18"]
[EventCountry "IND"]
[EventCategory "20"]
[SourceTitle "EXT 2024"]
[Source "ChessBase"]
[SourceDate "2023.10.10"]
[SourceVersion "1"]
[SourceVersionDate "2023.10.10"]
[SourceQuality "1"]

1. d4 d5 2. Nf3 Nf6 3. c4 e6 4. Nc3 Nbd7 5. e3 c6 6. Qc2 Bd6 7. b3 0-0 8. Be2 e5 9. cxd5 cxd5 10. Nb5 Bb4+ 11. Bd2 Bxd2+ 12. Nxd2 a6 13. dxe5 Nxe5 14. Nd4 Bg4 15. Bxg4 Nfxg4 16. 0-0 Rc8 17. Qf5 g6 18. Qf4 Qe7 19. N2f3 Nxf3+ 20. Nxf3 Nf6 21. Rac1 Ne4 22. Nd4 Qf6 23. Qxf6 Nxf6 24. f3 Rfe8 25. Kf2 Nd7 26. Ke2 Nf8 27. Kd3 Kg7 28. a4 Kf6 29. Rfd1 Ke7 30. h4 h5 31. b4 Kd6 32. b5 Ne6 33. bxa6 bxa6 34. a5 Rc5 35. Rb1 Nxd4 36. exd4 Rxa5 37. Rb6+ Ke7 38. Re1+ Kf8 39. Rxe8+ Kxe8 40. Ke3 Ke7 41. Kf4 f6 42. Rb7+ Kf8 43. g4 Ra4 44. gxh5 Rxd4+ 45. Ke3 Rxh4 46. hxg6 d4+ 47. Kf2 Kg8 48. Rd7 Rh2+ 49. Kg3 Rh6 50. Rxd4 Rxg6+ 51. Kf4 Rg5 52. Rd6 1/2-1/2

[Event "Tata Steel India blitz"]
[Site "Kolkata"]
[Date "2023.09.08"]
[Round "7"]
[White "Abdusattorov, Nodirbek"]
[Black "Harikrishna, Pentala"]
[Result "1-0"]
[WhiteElo "2716"]
[BlackElo "2711"]
[PlyCount "113"]
[EventDate "2023.09.08"]
[EventType "tourn (blitz)"]
[EventRounds "18"]
[EventCountry "IND"]
[EventCategory "20"]
[SourceTitle "EXT 2024"]
[Source "ChessBase"]
[SourceDate "2023.10.10"]
[SourceVersion "1"]
[SourceVersionDate "2023.10.10"]
[SourceQuality "1"]

1. e4 e5 2. Nf3 Nc6 3. Bc4 Bc5 4. d3 d6 5. Nc3 Na5 6. Bg5 Qd7 7. Bd5 Ne7 8. a3 Nac6 9. Ba2 0-0 10. 0-0 Ng6 11. Nd5 a6 12. h4 Nge7 13. c3 Ba7 14. h5 h6 15. Nxe7+ Nxe7 16. Bh4 g5 17. Bg3 Qg4 18. d4 Kg7 19. Nh2 Qxd1 20. Raxd1 Nc6 21. dxe5 dxe5 22. Kh1 f6 23. f3 Rd8 24. Rxd8 Nxd8 25. Rd1 Be6 26. Bxe6 Nxe6 27. Rd7+ Kf8 28. Ng4 Rd8 29. Nxf6 Rxd7 30. Nxd7+ Ke7 31. Nxe5 Be3 32. Ng4 Bc1 33. b3 Bxa3 34. Nxh6 Bb2 35. Nf5+ Kf7 36. c4 a5 37. Bf2 c6 38. Nd6+ Kg7 39. Nxb7 Nf4 40. g4 Bc3 41. Nd8 Nd3 42. Kg2 Nc1 43. Nxc6 Nxb3 44. Na7 a4 45. Nb5 Bb2 46. Be3 Kh6 47. f4 gxf4 48. Bxf4+ Kh7 49. Bd6 Nd2 50. Ba3 Bf6 51. c5 Nc4 52. c6 Be5 53. g5 Bf4 54. Kf3 Bxg5 55. c7 Nb6 56. Bc5 Nc8 57. Na7 1-0

[Event "Tata Steel India blitz"]
[Site "Kolkata"]
[Date "2023.09.08"]
[Round "3"]
[White "Erigaisi, Arjun Kumar"]
[Black "Harikrishna, Pentala"]
[Result "1/2-1/2"]
[WhiteElo "2712"]
[BlackElo "2711"]
[PlyCount "104"]
[EventDate "2023.09.08"]
[EventType "tourn (blitz)"]
[EventRounds "18"]
[EventCountry "IND"]
[EventCategory "20"]
[SourceTitle "EXT 2024"]
[Source "ChessBase"]
[SourceDate "2023.10.10"]
[SourceVersion "1"]
[SourceVersionDate "2023.10.10"]
[SourceQuality "1"]

1. e4 e5 2. Nf3 Nc6 3. Bc4 Bc5 4. c3 Nf6 5. d3 d6 6. Bg5 a5 7. 0-0 h6 8. Bh4 Ba7 9. Re1 0-0 10. Nbd2 Be6 11. a3 Qe7 12. b4 Bxc4 13. Nxc4 Qe6 14. bxa5 Bc5 15. Qb1 Nxa5 16. Nxa5 Rxa5 17. d4 Bb6 18. d5 Qg4 19. Bxf6 gxf6 20. Nd2 Ra4 21. Nf1 f5 22. exf5 Rf4 23. Ne3 Bxe3 24. fxe3 Rxf5 25. Qxb7 Rg5 26. Ra2 Qc4 27. Rc2 f5 28. Qc6 Qxc6 29. dxc6 Ra8 30. Rb1 Ra6 31. a4 Rg4 32. c4 Rxc6 33. a5 Rgxc4 34. Rxc4 Rxc4 35. Ra1 Rb4 36. a6 Rb8 37. Kf2 Kf7 38. Kf3 Ke6 39. g4 fxg4+ 40. Kxg4 c5 41. e4 Ra8 42. Kh5 c4 43. Kxh6 c3 44. h4 c2 45. Rc1 Rxa6 46. Rxc2 d5 47. exd5+ Kxd5+ 48. Kg7 e4 49. h5 e3 50. h6 Ra7+ 51. Kg6 Ra6+ 52. Kg7 Ra7+ 1/2-1/2

[Event "Tata Steel India blitz"]
[Site "Kolkata"]
[Date "2023.09.08"]
[Round "9"]
[White "Harikrishna, Pentala"]
[Black "Grischuk, Alexander"]
[Result "1/2-1/2"]
[WhiteElo "2711"]
[BlackElo "2732"]
[PlyCount "52"]
[EventDate "2023.09.08"]
[EventType "tourn (blitz)"]
[EventRounds "18"]
[EventCountry "IND"]
[EventCategory "20"]
[SourceTitle "EXT 2024"]
[Source "ChessBase"]
[SourceDate "2023.10.10"]
[SourceVersion "1"]
[SourceVersionDate "2023.10.10"]
[SourceQuality "1"]

1. d4 Nf6 2. Nf3 d5 3. e3 c5 4. Be2 Nc6 5. 0-0 Bg4 6. dxc5 e6 7. c4 dxc4 8. Na3 Bxc5 9. Nxc4 0-0 10. b3 Qe7 11. Bb2 Rfd8 12. Qc1 Rac8 13. Rd1 Nd5 14. e4 Nb6 15. Qf4 Bxf3 16. Qxf3 Nd4 17. Bxd4 Bxd4 18. Nxb6 Bxb6 19. Rxd8+ Rxd8 20. Rd1 g6 21. g3 Rxd1+ 22. Bxd1 Qc5 23. Kg2 Qd4 24. Be2 Kg7 25. h4 h5 26. Bb5 Bc5 1/2-1/2

[Event "Tata Steel India blitz"]
[Site "Kolkata"]
[Date "2023.09.08"]
[Round "5"]
[White "Praggnanandhaa, Rameshbabu"]
[Black "Harikrishna, Pentala"]
[Result "1-0"]
[WhiteElo "2727"]
[BlackElo "2711"]
[PlyCount "67"]
[EventDate "2023.09.08"]
[EventType "tourn (blitz)"]
[EventRounds "18"]
[EventCountry "IND"]
[EventCategory "20"]
[SourceTitle "EXT 2024"]
[Source "ChessBase"]
[SourceDate "2023.10.10"]
[SourceVersion "1"]
[SourceVersionDate "2023.10.10"]
[SourceQuality "1"]

1. e4 e5 2. Nf3 Nc6 3. Bc4 Bc5 4. c3 Nf6 5. d3 d6 6. Nbd2 a5 7. h3 h6 8. Nf1 Ba7 9. Bb3 Be6 10. Bc2 d5 11. exd5 Qxd5 12. Ng3 0-0 13. 0-0 Rfe8 14. Re1 Rad8 15. Be3 Bxe3 16. Rxe3 Qd6 17. Qd2 Nd5 18. Ree1 Kh8 19. Ne4 Qf8 20. Ba4 Bd7 21. Ng3 Nf4 22. d4 Nxd4 23. cxd4 Bxa4 24. Nxe5 Ne6 25. Qxa5 Rxd4 26. b3 b6 27. Qc3 Bb5 28. Nf5 Rd5 29. Nxh6 Ng5 30. Nhxf7+ Kg8 31. Nxg5 Rc5 32. Qg3 Qf6 33. Nef3 Rd8 34. Ne4 1-0

[Event "Tata Steel India rapid"]
[Site "Kolkata"]
[Date "2023.09.05"]
[Round "3"]
[White "Erigaisi, Arjun Kumar"]
[Black "Harikrishna, Pentala"]
[Result "1-0"]
[WhiteElo "2712"]
[BlackElo "2711"]
[PlyCount "55"]
[EventDate "2023.09.05"]
[EventType "tourn (rapid)"]
[EventRounds "9"]
[EventCountry "IND"]
[EventCategory "20"]
[SourceTitle "EXT 2024"]
[Source "ChessBase"]
[SourceDate "2023.10.10"]
[SourceVersion "1"]
[SourceVersionDate "2023.10.10"]
[SourceQuality "1"]

1. e4 e5 2. Nf3 Nc6 3. Bc4 Bc5 4. c3 Nf6 5. d3 d6 6. Bg5 h6 7. Bh4 a6 8. Nbd2 Ba7 9. 0-0 0-0 10. a4 Qe7 11. b4 Be6 12. Re1 Bxc4 13. Nxc4 Qe6 14. Ne3 Ne7 15. d4 Ng6 16. Bxf6 Qxf6 17. g3 c6 18. Kg2 Rfe8 19. Qd3 h5 20. Nc4 Rad8 21. h4 exd4 22. cxd4 d5 23. exd5 Rxe1 24. Rxe1 Rxd5 25. Re8+ Nf8 26. Ng5 Qf5 27. Qxf5 Rxf5 28. Nd6 1-0

[Event "World-chT Rapid"]
[Site "Dusseldorf"]
[Date "2023.08.28"]
[Round "10"]
[White "Harikrishna, Pentala"]
[Black "Donchenko, Alexander"]
[Result "1/2-1/2"]
[WhiteElo "2711"]
[BlackElo "2684"]
[PlyCount "77"]
[EventDate "2023.08.26"]
[EventType "team-swiss (rapid)"]
[EventRounds "12"]
[EventCountry "GER"]
[SourceTitle "CBM 215 Extra"]
[Source "ChessBase"]
[SourceDate "2023.09.30"]
[SourceVersion "1"]
[SourceVersionDate "2023.09.30"]
[SourceQuality "1"]
[WhiteTeam "Team MGD"]
[BlackTeam "Germany and Friends"]
[WhiteTeamCountry "IND"]
[BlackTeamCountry "GER"]

1. Nf3 d5 2. e3 c5 3. b3 Nc6 4. Bb2 a6 5. g3 Nf6 6. Bg2 Bg4 7. h3 Bh5 8. Nc3 e6 9. Ne2 Bd6 10. Nf4 Bxf3 11. Qxf3 Be5 12. Bxe5 Nxe5 13. Qe2 0-0 14. 0-0 b5 15. Rfd1 Qb6 16. d4 cxd4 17. exd4 Nc6 18. c3 a5 19. a3 Rfc8 20. b4 Ne7 21. Rac1 axb4 22. axb4 Ra3 23. Qb2 Rca8 24. Ra1 Qa6 25. Rxa3 Qxa3 26. Qxa3 Rxa3 27. Rc1 Nf5 28. Nd3 h5 29. Nc5 g5 30. Bf1 Nd6 31. Bd3 Kg7 32. Kf1 h4 33. gxh4 gxh4 34. Ke2 Nfe4 35. Bxe4 Nxe4 36. Nxe4 dxe4 37. Rg1+ Kf6 38. Rg4 Rxc3 39. Rxh4 1/2-1/2

[Event "World-chT Rapid"]
[Site "Dusseldorf"]
[Date "2023.08.28"]
[Round "11"]
[White "Jobava, Baadur"]
[Black "Harikrishna, Pentala"]
[Result "1/2-1/2"]
[WhiteElo "2574"]
[BlackElo "2711"]
[PlyCount "82"]
[EventDate "2023.08.26"]
[EventType "team-swiss (rapid)"]
[EventRounds "12"]
[EventCountry "GER"]
[SourceTitle "CBM 215 Extra"]
[Source "ChessBase"]
[SourceDate "2023.09.30"]
[SourceVersion "1"]
[SourceVersionDate "2023.09.30"]
[SourceQuality "1"]
[WhiteTeam "Krakow Columbus Energy"]
[BlackTeam "Team MGD"]
[WhiteTeamCountry "POL"]
[BlackTeamCountry "IND"]

1. e4 e5 2. Nf3 Nc6 3. Bc4 Bc5 4. c3 Nf6 5. d4 exd4 6. e5 d5 7. Be2 Ne4 8. cxd4 Bb4+ 9. Bd2 Nxd2 10. Nbxd2 0-0 11. 0-0 f6 12. Nb3 fxe5 13. Nxe5 Qg5 14. g3 Nxe5 15. f4 Nf3+ 16. Bxf3 Qd8 17. Nc1 c6 18. Nd3 Bd6 19. Qd2 Qb6 20. Ne5 Bxe5 21. fxe5 Be6 22. Qc3 a5 23. a3 Rf7 24. Bh5 Rxf1+ 25. Rxf1 Rf8 26. Rxf8+ Kxf8 27. Kf2 Ke7 28. b4 axb4 29. Qxb4+ Qxb4 30. axb4 g5 31. Kf3 Bf5 32. Bg4 Be4+ 33. Ke3 b5 34. Be2 h6 35. Bd3 Bg2 36. g4 Kd7 37. Kf2 Bh1 38. Bf5+ Kc7 39. Bg6 Kd7 40. Kg3 Kd8 41. Kf2 Kd7 1/2-1/2

[Event "World-chT Rapid"]
[Site "Dusseldorf"]
[Date "2023.08.27"]
[Round "5.1"]
[White "Harikrishna, Pentala"]
[Black "Vachier Lagrave, Maxime"]
[Result "1/2-1/2"]
[WhiteElo "2711"]
[BlackElo "2739"]
[PlyCount "153"]
[EventDate "2023.08.26"]
[EventType "team-swiss (rapid)"]
[EventRounds "12"]
[EventCountry "GER"]
[SourceTitle "CBM 215 Extra"]
[Source "ChessBase"]
[SourceDate "2023.09.30"]
[SourceVersion "1"]
[SourceVersionDate "2023.09.30"]
[SourceQuality "1"]
[WhiteTeam "Team MGD"]
[BlackTeam "Linz AlphaEchecs"]
[WhiteTeamCountry "IND"]
[BlackTeamCountry "AUT"]

1. d4 Nf6 2. Nf3 d5 3. Bf4 e6 4. e3 c5 5. Nbd2 Nc6 6. c3 Nh5 7. Bg5 f6 8. Bh4 g6 9. Be2 cxd4 10. cxd4 Be7 11. Rc1 0-0 12. 0-0 Ng7 13. Nb3 Nf5 14. Bg3 Nxg3 15. hxg3 Bd6 16. Bd3 Ne7 17. Re1 b6 18. e4 dxe4 19. Bxe4 Rb8 20. Nbd2 Kg7 21. Nc4 Bb4 22. Re2 Nd5 23. Qb3 Be7 24. Na5 Nb4 25. Nc6 Nxc6 26. Bxc6 b5 27. a4 a6 28. axb5 axb5 29. g4 e5 30. dxe5 Bxg4 31. Rd2 Qa5 32. Rd4 h5 33. Qe3 Qb6 34. e6 Rfd8 35. Rxd8 Qxe3 36. fxe3 Rxd8 37. Nd4 f5 38. Bd7 Ra8 39. Nxb5 Bg5 40. Kf2 f4 41. exf4 Bxf4 42. Rc4 Bg5 43. Rc1 Bf4 44. Rc4 Bg5 45. Nd4 Ra2 46. Rb4 Bc1 47. Bc6 Bxb2 48. Kg3 Bxd4 49. Rxd4 Bxe6 50. Bd5 Ra3+ 51. Kf2 Bc8 52. Rc4 Bf5 53. Be4 Be6 54. Rc7+ Kh6 55. Rc6 Bf7 56. Rc7 Bg8 57. Rc6 Bh7 58. g3 Ra5 59. Kf3 Rg5 60. Rc8 Re5 61. Rc6 Re7 62. Rb6 Rf7+ 63. Kg2 Rg7 64. Kh3 Re7 65. Bb1 Re3 66. Kg2 Kg5 67. Rb5+ Kh6 68. Rb6 Rc3 69. Be4 Rc4 70. Kf3 Rc7 71. Kg2 Re7 72. Kf3 Rg7 73. Kf4 Rf7+ 74. Ke3 Kg5 75. Rb7 Bg8 76. Rxf7 Bxf7 77. Kf2 1/2-1/2